Gold Coast Bus Quiz - Statistics

General Stats
  • This quiz has been taken 36 times
  • The average score is 8 of 58
Answer Stats
Hint Answer % Correct
700 Broadbeach South to Tweed Heads
92%
704 Sea World/Main Beach to Helensvale
50%
705 Sea World/Main Beach to Broadbeach South
42%
777 Airport to Broadbeach South
25%
712 Coombabah to Southport
25%
TX7 Coomera to Helensvale (via Theme Parks)
25%
724 Coomera to Pimpama
25%
713 Paradise Point to Southport
25%
715 Southport to Helensvale
25%
745 Broadbeach South to Nerang
17%
726 Coomera to Coomera Waters
17%
723 Coomera to Helensvale (via Oxenford)
17%
757 Reedy Creek to Burleigh Heads (via Varsity Lakes)
17%
750 Robina to Broadbeach South (via Bond University)
17%
759 Robina to Reedy Creek (via Varsity Lakes)
17%
711 Sanctuary Cove to Southport
17%
718 Santa Barbara to Helensvale
17%
760 Tweed Heads to Robina (via Airport, Varsity Lakes)
17%
728 Beenleigh to Ormeau (via Yatala, Jacobs Ridge)
8%
729 Beenleigh to Ormeau (via Yatala, Ormeau Hills)
8%
754 Broadbeach South to Burleigh Heads (via Mermaid Waters)
8%
753 Broadbeach South to Burleigh Heads (via Robina, Varsity Lakes)
8%
743 Broadbeach South to Nerang (via Carrara)
8%
736 Broadbeach South to Nerang (via Highland Park)
8%
744 Broadbeach South to Nerang (via Highland Park)
8%
751 Broadbeach South to Robina (via Mermaid Waters)
8%
755 Broadbeach South to Robina (via Merrimac)
8%
752 Broadbeach South to Robina (via Robina Woods)
8%
741 Broadbeach South to Southport (via Ashmore)
8%
731 Broadbeach South to Southport (via Isle of Capri)
8%
738 Broadbeach South to Uni/Hospital (via Ashmore)
8%
756 Broadbeach South to West Burleigh (via Miami)
8%
764 Burleigh Heads to Currumbin Park (via The Pines)
8%
749 Clearwater to Nerang
8%
725 Coomera to Helensvale (via Upper Coomera)
8%
727 Coomera to Helensvale (via Upper Coomera
8%
722 Coomera to Ormeau (via Coomera Rivers, Pimpama)
8%
721 Coomera to Ormeau (via Coomera Springs, Pimpama)
8%
720 Coomera to Pimpama (via Upper Coomera)
8%
766 Currumbin Waters to The Pines
8%
763 Lakewoods to The Pines (via Elanora)
8%
758 Merrimac to Robina (via Mudgeeraba)
8%
742 Molendinar to Southport (via Ashmore)
8%
748 Nerang to Robina (via Gilston, Worongary, Mudgeeraba)
8%
746 Nerang West to Nerang
8%
717 Pacific Pines to Helensvale
8%
719 Paradise Point to Southport (via Uni/Hospital)
8%
735 Southport to Nerang (via Ashmore)
8%
737 Southport to Nerang (via Southport Park)
8%
747 Southport to Robina (via Bundall)
8%
716 Studio Village to Helensvale
8%
740 Surfers Paradise to Nerang (via Ashmore)
8%
765 The Pines to Robina (via Burleigh Heads
8%
768 Tweed Heads to The Pines (via John Flynn Hospital)
8%
714 Uni/Hospital to Helensvale (via Pacific Pines)
8%
710 Uni/Hospital to Helensvale (via Parkwood)
8%
739 Uni/Hospital to Nerang (via Ashmore)
8%
767 Tugun to The Pines (via Currumbin)
0%
No matching quizzes found
Score Distribution
Percent of People with Each Score
Percentile by Number Answered
Your Score History
You have not taken this quiz